Uncharted Characters - Statistics

General Stats
  • This quiz has been taken 1,249 times
  • The average score is 8 of 15
Answer Stats
Surname First Name % Correct
Drake Nathan
99%
Drake Sam
90%
Fisher Elena
84%
Frazer Chloe
82%
Sullivan Victor
82%
Ross Nadine
62%
Cutter Charlie
60%
Adler Rafe
55%
Flynn Harry
49%
Lazarevic Zoran
37%
Roman Gabriel
30%
Marlowe Katherine
29%
Navarro Atoq
21%
Dante Jason
9%
Guerro Roberto
8%
No matching quizzes found
Score Distribution
Percent of People with Each Score
Percentile by Number Answered
Your Score History
You have not taken this quiz